Statistics for Stardew Valley monster eradication

Click here to take the quiz!

General Stats

  • This quiz has been taken 3 times
  • The average score is 6 of 12

Answer Stats

MonsterQuantity% Correct
Slimes1000
100%
bats200
100%
skeletons50
100%
void spirits150
67%
mummies100
33%
cave insects125
33%
magma sprites150
33%
serpents250
33%
duggies30
33%
pepper rex50
33%
dust sprites500
33%
rock crabs60
0%

Score Distribution

Percentile by Number Answered

Percent of People with Each Score

Your Score History

You have not taken this quiz